Sistema de Medición de la Calidad de la Educación, SIMCE: informe de resultados 2005, 4§ Educación Básica

Guardat en:
Dades bibliogràfiques
Autor corporatiu: Ministerio de Educación (Autor)
Format: Llibre
Idioma:espanyol
Publicat: Santiago Ministerio de Educación 2005
Matèries:
Etiquetes: Afegir etiqueta
Sense etiquetes, Sigues el primer a etiquetar aquest registre!

MARC

LEADER 00000nam a2200000 a 4500
001 UCH9375
003 CL-VaPUC
008 100107e20050000CL |||||||||||||||||spa|d
082 0 4 |a 372  |b MIN  |2 21 
110 2 |a Ministerio de Educación  |e author  |9 546433 
245 1 0 |a Sistema de Medición de la Calidad de la Educación, SIMCE: informe de resultados 2005, 4§ Educación Básica 
300 |a 64 p 
942 |c BK 
945 |d 20100107 00:00:00  |a rbrito 
260 |a Santiago  |b Ministerio de Educación  |c 2005 
650 0 |a Calidad de la educación   |9 307271 
650 0 |a Educación básica   |9 224933 
583 |a last modification  |c 20100107 00:00:00  |k Rodrigo Vera 
999 |c 339360  |d 339358 
952 |0 0  |1 0  |4 0  |6 372_000000000000000_MIN_2005  |7 0  |8 P  |9 432981  |a BIBEDU  |b BIBEDU  |c BIBEDU_PB  |d 2019-11-22  |i 4632125  |o 372 MIN 2005  |p 4632125  |r 2024-01-25  |w 2019-11-22  |y BK  |k EPE